Mosby's 2024 Nursing Drug Reference (Record no. 1877)

MARC details
000 -LEADER
Fixed length control field 00526nam a2200193Ia 4500
003 - CONTROL NUMBER IDENTIFIER
Control field IIN
005 - DATE AND TIME OF LATEST TRANSACTION
Control field 20251201113937.0
008 - FIXED-LENGTH DATA ELEMENTS--GENERAL INFORMATION
Fixed length control field 250924s2024 xx d d 000 0 eng d
020 ## - INTERNATIONAL STANDARD BOOK NUMBER / ISBN
Price Rs.1950.00
International Standard Book Number 9788131267431
040 ## - CATALOGING SOURCE
Original cataloging agency IIN
Language of cataloging English
082 ## - DEWEY DECIMAL CLASSIFICATION NUMBER
Classification number 615.1
Book Number SKI
100 1# - MAIN ENTRY--PERSONAL NAME
Personal name Skidmore-Roth,Linda
245 1# - TITLE STATEMENT
Title Mosby's 2024 Nursing Drug Reference
Statement of responsibility by Linda Skidmore-Roth
250 ## - EDITION STATEMENT
Edition statement 7th S. A.ed
260 ## - IMPRINT
Name of publisher Elsevier
Place of publication New Delhi
Date of publication 2024
300 ## - PHYSICAL DESCRIPTION
Page / Vol. No xi,1501p.
650 1# - SUBJECT ADDED ENTRY--TOPICAL TERM
Topical term Drug
Form subdivision Nursing Reference
942 ## - ADDED ENTRY ELEMENTS (KOHA)
Koha item type Reference Books
Holdings
Withdrawn status Lost status Source of classification Damaged status Use restrictions Not for loan Collection code Home library Current library Shelving location Date acquired Price Total Checkouts Call number Accession number Date last seen Price effective from Koha item type
    Dewey Decimal Classification   Restricted Access Not For Loan Purches Book IDEAL INSTITUTE OF NURSING IDEAL INSTITUTE OF NURSING Reference 18/03/2025 1950.00   615.1 SKI 2137 24/09/2025 24/09/2025 Reference Books
© Ideal Institute Of Nursing, All rights reserved.         Powered by Koha